[Event "RUS-Team"]
[Site "Smolensk"]
[Date "2000.04.21"]
[Round "7"]
[White "Kortschnoj, Viktor"]
[Black "Aleksandrov, Aleksej"]
[Result "1/2-1/2"]
[WhiteElo "2659"]
[BlackElo "2606"]
[PlyCount "90"]
[EventDate "2000.04.15"]
[Source "www.chesslib.no"]
[SourceDate "2004.05.04"]

1. c4 e6 2. Nc3 Nf6 3. d4 Bb4 4. e3 O-O 5. Nge2 d5 6. a3 Bd6 7. c5 Be7 8. g3 c6 9. b4 Nbd7 10. Bg2 e5 11. b5 Re8 12. a4 e4 13. a5 Nf8 14. Qa4 Ne6 15. a6 bxa6 16. bxa6 Rb8 17. Nf4 Ng5 18. Rb1 Bd7 19. Rxb8 Qxb8 20. h3 Bd8 21. Kd1 Bc7 22. Kc2 Qc8 23. Nce2 Nf3 24. Nc3 h5 25. Bd2 h4 26. Rb1 hxg3 27. fxg3 Bxf4 28. gxf4 Bxh3 29. Bxh3 Qxh3 30. Qxc6 Qg2 31. Rd1 Nxd4+ 32. exd4 e3 33. Qb7 Qg6+ 34. Kb2 exd2 35. c6 Ne4 36. c7 Nxc3 37. Kxc3 Qg3+ 38. Kb2 Qg4 39. Rxd2 Qxf4 40. c8=Q Qxd2+ 41. Qc2 Qxd4+ 42. Ka2 g6 43. Qb5 Re6 44. Qh2 Qe3 45. Qbb8+ Re8 1/2-1/2

[Event "It (Open) Dos Hermanas ESP"]
[Site "?"]
[Date "2006.03.24"]
[Round "2"]
[White "Zhang Pengxiang"]
[Black "Jobava Baadur"]
[Result "1/2-1/2"]
[WhiteElo "2638"]
[BlackElo "2614"]
[PlyCount "88"]
[EventDate "2006.??.??"]
[Source "www.chesslib.no"]
[SourceDate "2004.05.04"]

1. c4 e6 2. Nc3 d5 3. d4 Bb4 4. e3 Nf6 5. Nge2 O-O 6. a3 Be7 7. cxd5 Nxd5 8. g3 Nxc3 9. Nxc3 c5 10. d5 exd5 11. Nxd5 Nc6 12. Bg2 Be6 13. O-O Qd7 14. Nxe7+ Qxe7 15. Bd2 Rfd8 16. Qc2 Bd5 17. Bc3 Bxg2 18. Kxg2 Rd7 19. Rab1 Rc8 20. Rfc1 Qe6 21. Qe2 h6 22. h4 Ne7 23. Qf3 Nd5 24. Be1 Nf6 25. Rc2 Ne4 26. Rbc1 b5 27. Rd1 Rcd8 28. Rxd7 Rxd7 29. Qf4 g5 30. hxg5 Nxg5 31. Kf1 Qc6 32. Rd2 Rxd2 33. Bxd2 Qd5 34. Ke2 Ne4 35. Be1 c4 36. Qxh6 Nc5 37. Bc3 Qd3+ 38. Kf3 Qe4+ 39. Ke2 Qd3+ 40. Ke1 Qb1+ 41. Kd2 Qd3+ 42. Ke1 Qb1+ 43. Ke2 Qd3+ 44. Kf3 Qe4+ 1/2-1/2

[Event "VII Gibtelecom Masters"]
[Site "Caleta ING"]
[Date "2009.02.02"]
[Round "7"]
[White "Milov, V."]
[Black "Del Rio de Angelis, S."]
[Result "1-0"]
[WhiteElo "2669"]
[BlackElo "2532"]
[PlyCount "79"]
[EventDate "2009.01.27"]
[Source "www.chesslib.no"]
[SourceDate "2004.05.04"]

1. d4 e6 2. c4 Nf6 3. Nc3 Bb4 4. e3 O-O 5. Nge2 d5 6. a3 Be7 7. cxd5 exd5 8. b4 c6 9. Ng3 Re8 10. Bd3 Nbd7 11. O-O Nb6 12. f3 a5 13. Rb1 axb4 14. axb4 Be6 15. Nge2 g6 16. Kh1 Nh5 17. Qc2 Bd6 18. e4 dxe4 19. fxe4 Qh4 20. e5 Be7 21. Be4 Bc4 22. Kg1 Ng7 23. Bd2 Qg4 24. Rf3 Nd5 25. h3 Qd7 26. Bxd5 Bxd5 27. Nxd5 Qxd5 28. Rbf1 f6 29. Bc3 fxe5 30. dxe5 Ra2 31. Bb2 Bxb4 32. Kh1 Ne6 33. Rf6 Qd2 34. Qc4 Rxb2 35. Rxe6 Rxe6 36. Qxe6+ Kg7 37. Qf6+ Kh6 38. Nf4 Bc5 39. Qh4+ Kg7 40. Nh5+ 1-0

[Event "XVII Festival"]
[Site "Abu Dhabi EAU"]
[Date "2007.08.19"]
[Round "8"]
[White "Khismatullin, D."]
[Black "Aleksandrov, A."]
[Result "1/2-1/2"]
[WhiteElo "2566"]
[BlackElo "2605"]
[PlyCount "90"]
[EventDate "2007.08.12"]
[Source "www.chesslib.no"]
[SourceDate "2004.05.04"]

1. c4 e6 2. Nc3 Nf6 3. d4 Bb4 4. e3 O-O 5. Nge2 d5 6. cxd5 exd5 7. g3 c5 8. Bg2 cxd4 9. exd4 Bg4 10. f3 Be6 11. O-O Nc6 12. Be3 Re8 13. Bf2 Rc8 14. Na4 b6 15. Nf4 Bd7 16. Nd3 Bd6 17. Nc3 Na5 18. Ne5 Bb4 19. Nxd7 Qxd7 20. Ne2 Nc4 21. Nf4 Qb5 22. Bh3 Rc7 23. Qd3 Bd2 24. b3 Bxf4 25. gxf4 Nd6 26. Qxb5 Nxb5 27. Rfc1 Ree7 28. Bf1 Rxc1 29. Rxc1 Rc7 30. Rxc7 Nxc7 31. f5 Nfe8 32. Bg3 f6 33. Kf2 Kf7 34. Ke3 Ke7 35. Bd3 Nd6 36. a4 Kd7 37. Be1 a5 38. h4 Kc6 39. Bc3 Kb7 40. Kf4 Na6 41. Bxa6+ Kxa6 42. Bb2 b5 43. Ba3 b4 44. Bc1 h5 45. Bd2 Kb6 1/2-1/2

[Event "Elista ol (Men)"]
[Site "Elista"]
[Date "1998.10.12"]
[Round "13"]
[White "Volkov, Sergey"]
[Black "Psakhis, Lev"]
[Result "1/2-1/2"]
[WhiteElo "2605"]
[BlackElo "2560"]
[PlyCount "55"]
[EventDate "1998.09.29"]
[Source "ChessBase"]
[SourceDate "1998.11.06"]

1. d4 e6 2. c4 Nf6 3. Nc3 Bb4 4. e3 O-O 5. Nge2 d5 6. a3 Bd6 7. c5 Be7 8. b4 b6 9. Bd2 c6 10. Nf4 a5 11. Na4 Nbd7 12. cxb6 axb4 13. Bxb4 Bxb4+ 14. axb4 Rb8 15. Be2 Nxb6 16. Nc5 Nbd7 17. Nfd3 Qc7 18. Qc1 e5 19. Nxd7 Nxd7 20. b5 Bb7 21. O-O exd4 22. exd4 Qd6 23. Nc5 cxb5 24. Bxb5 Nf6 25. Be2 Bc8 26. Re1 Re8 27. Bf3 Bg4 28. Qc3 1/2-1/2

[Event "SSKK Bulletinen 40 years"]
[Site "SSKK Bulletinen 40 years"]
[Date "1994.??.??"]
[Round "?"]
[White "Joffe, Manne"]
[Black "Polaczek, Richard"]
[Result "1/2-1/2"]
[WhiteElo "2660"]
[BlackElo "2505"]
[PlyCount "44"]
[EventDate "1994.??.??"]
[Source "www.chesslib.no"]
[SourceDate "2004.05.04"]

1. c4 e6 2. d4 Nf6 3. Nc3 Bb4 4. e3 O-O 5. Nge2 d5 6. a3 Be7 7. cxd5 exd5 8. g3 c6 9. Bg2 a5 10. O-O Re8 11. h3 Na6 12. f3 b5 13. e4 b4 14. Na4 dxe4 15. fxe4 Bb7 16. e5 Nd5 17. Nf4 Nac7 18. Kh2 Ba6 19. Rf2 Bb5 20. Nxd5 Nxd5 21. Qc2 Rb8 22. Nc5 b3 1/2-1/2

[Event "Brussels"]
[Site "Brussels BEL"]
[Date "1985.??.??"]
[Round "13"]
[White "Korchnoi, Viktor L"]
[Black "Van der Wiel, John T H"]
[Result "1/2-1/2"]
[WhiteElo "2630"]
[BlackElo "2500"]
[PlyCount "35"]
[EventDate "1985.12.??"]
[Source "www.chesslib.no"]
[SourceDate "2004.05.04"]

1. d4 Nf6 2. c4 e6 3. Nc3 Bb4 4. Bd2 O-O 5. e3 d6 6. a3 Bxc3 7. Bxc3 Ne4 8. Qc2 Nxc3 9. Qxc3 c5 10. dxc5 dxc5 11. Nf3 Qf6 12. Qxf6 gxf6 13. Kd2 b6 14. Kc3 Rd8 15. Be2 Bb7 16. Rhd1 Nc6 17. Rxd8+ Rxd8 18. Rd1 1/2-1/2

[Event "Cali 83/539"]
[Site "?"]
[Date "2001.??.??"]
[Round "?"]
[White "Gurevich, D."]
[Black "Yermolinsky, A."]
[Result "0-1"]
[WhiteElo "2550"]
[BlackElo "2571"]
[PlyCount "84"]
[EventDate "2001.??.??"]
[Source "Chess Informant"]
[SourceDate "2001.10.01"]

1. c4 e6 2. d4 Nf6 3. Nc3 Bb4 4. e3 O-O 5. Nge2 d5 6. a3 Be7 7. cxd5 Nxd5 8. Qc2 Nd7 9. Ng3 c5 10. Nxd5 exd5 11. Bd3 g6 12. dxc5 Nxc5 13. O-O Bd7 14. b4 Ba4 15. Qe2 Nxd3 16. Qxd3 Bf6 17. Ra2 Qd7 18. e4 Bb5 19. Qf3 Bg7 20. Rd1 dxe4 21. Rxd7 exf3 22. Rxb7 a6 23. Be3 Rfd8 24. gxf3 Bc6 25. Rc7 Bxf3 26. Rc1 h5 27. h4 Bf6 28. Bg5 Bxg5 29. hxg5 h4 30. Rc3 Bb7 31. Nf1 Rd1 32. Rd2 Ra1 33. Rd7 Be4 34. Rd4 Re8 35. f4 Bf5 36. Kf2 h3 37. Rd2 Re4 38. Ng3 Rxf4+ 39. Ke3 Rg4 40. Nxf5 gxf5 41. Kf3 Rf1+ 42. Rf2 h2 0-1

[Event "BEL-chT 9798"]
[Site "Antwerp"]
[Date "1997.??.??"]
[Round "1"]
[White "Gurevich, Mikhail"]
[Black "Hauchard, Arnaud"]
[Result "1/2-1/2"]
[WhiteElo "2620"]
[BlackElo "2485"]
[PlyCount "107"]
[EventDate "1997.??.??"]
[Source "www.chesslib.no"]
[SourceDate "2004.05.04"]

1. c4 e6 2. d4 Nf6 3. Nc3 Bb4 4. e3 O-O 5. Nge2 d5 6. a3 Be7 7. cxd5 Nxd5 8. Qc2 Nd7 9. e4 Nxc3 10. Nxc3 c5 11. d5 Nb6 12. dxe6 Bxe6 13. Be2 f5 14. Bf4 Qe8 15. O-O Qf7 16. Rae1 Rad8 17. exf5 Bxf5 18. Qc1 Kh8 19. Qe3 c4 20. Bc7 Bg5 21. Qg3 Bh4 22. Qxh4 Qxc7 23. Bf3 Rde8 24. Be4 Bxe4 25. Rxe4 Rxe4 26. Qxe4 Qf7 27. Qd4 Qd7 28. Rd1 Rd8 29. Qg4 Qe8 30. Kf1 Rxd1+ 31. Qxd1 h6 32. Qd4 Qc6 33. f3 a6 34. Ke2 Na4 35. Ne4 b5 36. Kd2 Qc7 37. g3 Qa5+ 38. Kd1 Qc7 39. Ke2 Qe7 40. Kf2 Kh7 41. Ke2 Qe6 42. g4 c3 43. bxc3 Qa2+ 44. Ke3 Qxh2 45. Qd5 Qg1+ 46. Kf4 Qc1+ 47. Kf5 Qe3 48. f4 Nxc3 49. Nf6+ gxf6 50. Qf7+ Kh8 51. Qxf6+ Kh7 52. Qf7+ Kh8 53. Qf8+ Kh7 54. Qf7+ 1/2-1/2

[Event "Oostende"]
[Site "?"]
[Date "1991.??.??"]
[Round "?"]
[White "Gurevich, M."]
[Black "Motwani, P."]
[Result "1-0"]
[WhiteElo "2630"]
[BlackElo "2440"]
[PlyCount "105"]
[EventDate "1991.??.??"]
[Source "ChessBase"]
[SourceDate "1991.06.01"]

1. d4 e6 2. c4 Nf6 3. Nc3 Bb4 4. e3 O-O 5. Nge2 d5 6. a3 Be7 7. cxd5 Nxd5 8. Qc2 Nd7 9. g3 Nxc3 10. bxc3 c5 11. Bg2 Rb8 12. e4 e5 13. O-O b5 14. Rd1 Qc7 15. dxe5 Nxe5 16. Nf4 Bg4 17. Re1 c4 18. Nd5 Qd7 19. Bf4 Nd3 20. Bxb8 Nxe1 21. Rxe1 Rxb8 22. Qc1 Rd8 23. e5 Be6 24. Rd1 Bxd5 25. Bxd5 Qf5 26. Qe3 Rd7 27. a4 bxa4 28. Qd4 Kf8 29. Kg2 a3 30. Rd2 h5 31. f4 a2 32. Rxa2 Qd3 33. Rd2 Qxd4 34. Rxd4 Bc5 35. Rd1 Ke7 36. Kf3 g6 37. Ke4 Bb6 38. Ra1 Rc7 39. Ra4 Rc5 40. h3 Ba5 41. Bxc4 Bb6 42. g4 hxg4 43. hxg4 g5 44. f5 f6 45. e6 Re5+ 46. Kd3 Re3+ 47. Kc2 Re4 48. Kb3 Rxg4 49. Ra2 Rf4 50. Rh2 Rxf5 51. Rh7+ Kd6 52. Rd7+ Kc6 53. Bd5+ 1-0

[Event "Szolnok"]
[Site "Szolnok"]
[Date "1975.??.??"]
[Round "7"]
[White "Smyslov, Vassily"]
[Black "Farago, Ivan"]
[Result "1/2-1/2"]
[WhiteElo "2605"]
[BlackElo "2460"]
[PlyCount "80"]
[EventDate "1975.??.??"]
[Source "ChessBase"]

1. c4 Nf6 2. Nc3 e6 3. d4 Bb4 4. e3 O-O 5. Nge2 d5 6. a3 Be7 7. cxd5 exd5 8. g3 Nbd7 9. Bg2 Nb6 10. O-O Re8 11. Nf4 c6 12. b3 Bd6 13. Nd3 Bf5 14. Bb2 h5 15. h4 Qe7 16. Re1 Rad8 17. Ne2 Be4 18. Nef4 Bxg2 19. Kxg2 g6 20. f3 Qc7 21. Qc2 Nbd7 22. Re2 Re7 23. Rae1 Rde8 24. b4 Nf8 25. Ne5 N6d7 26. e4 Nxe5 27. dxe5 Bxe5 28. Bxe5 Rxe5 29. Nxd5 Qd8 30. Ne3 R5e7 31. Nc4 Ne6 32. Rd2 Rd7 33. Rxd7 Qxd7 34. Rd1 Qe7 35. Qf2 Rd8 36. Rxd8+ Qxd8 37. Na5 Qd3 38. Nxb7 Qxa3 39. Qd2 Qa6 40. Nd6 Qb6 1/2-1/2

[Event "St Petersburg A Petrov-mem"]
[Site "St Petersburg"]
[Date "2000.02.10"]
[Round "4"]
[White "Ulko, Ja"]
[Black "Aleksandrov, Aleksej"]
[Result "0-1"]
[WhiteElo "2459"]
[BlackElo "2606"]
[PlyCount "78"]
[EventDate "2000.02.07"]
[Source "www.chesslib.no"]
[SourceDate "2004.05.04"]

1. d4 Nf6 2. c4 e6 3. Nc3 Bb4 4. e3 O-O 5. Bd2 b6 6. Bd3 Bb7 7. f3 c5 8. Nge2 d5 9. cxd5 exd5 10. a3 Ba5 11. O-O Re8 12. Qe1 Ba6 13. Bxa6 Nxa6 14. Rd1 Bxc3 15. bxc3 Qe7 16. Bc1 Nc7 17. Nf4 Rac8 18. a4 Ne6 19. Nxe6 Qxe6 20. dxc5 Rxc5 21. Rd4 Qc6 22. Bd2 Nd7 23. Qb1 Ne5 24. e4 Nc4 25. exd5 Rxd5 26. Qa2 Rc8 27. Re1 h6 28. Ree4 Rxd4 29. Rxd4 a5 30. Be1 b5 31. axb5 Qxb5 32. Rd1 a4 33. Rb1 Qd7 34. Bf2 Qd3 35. Bd4 Re8 36. h3 a3 37. Rb4 Nd2 38. Rb7 Re1+ 39. Kh2 Nxf3+ 0-1

[Event "Lippstadt"]
[Site "Lippstadt"]
[Date "1997.??.??"]
[Round "4"]
[White "Chiburdanidze, Maia"]
[Black "Luther, Thomas"]
[Result "1-0"]
[WhiteElo "2525"]
[BlackElo "2525"]
[PlyCount "79"]
[EventDate "1997.07.17"]
[Source "ChessBase"]
[SourceDate "1997.09.26"]

1. d4 e6 2. c4 Nf6 3. Nc3 Bb4 4. e3 O-O 5. Nge2 d5 6. a3 Be7 7. cxd5 exd5 8. b4 c6 9. Ng3 Bg4 10. f3 Bh5 11. Nf5 Re8 12. Nxe7+ Qxe7 13. Be2 Nbd7 14. g4 Bg6 15. g5 Nh5 16. f4 Be4 17. Nxe4 Qxe4 18. Bf3 Qxf4 19. Bxh5 Qh4+ 20. Kf1 Qxg5 21. Ra2 Nf6 22. Bf3 Ne4 23. Bxe4 Rxe4 24. Rg1 Qh4 25. Qf3 Re6 26. Qg3 Qh6 27. Rf2 Rg6 28. Qf4 Rxg1+ 29. Kxg1 Qg6+ 30. Qg3 Qb1 31. Rf1 Re8 32. h3 h6 33. Bd2 Qd3 34. Qc7 Rf8 35. Rf2 Qb5 36. Rg2 Re8 37. Qg3 g6 38. Qh4 Kg7 39. e4 Rh8 40. Bf4 1-0

[Event "Lippstadt"]
[Site "Lippstadt"]
[Date "1996.??.??"]
[Round "11"]
[White "Chiburdanidze, Maia"]
[Black "Luther, Thomas"]
[Result "1/2-1/2"]
[WhiteElo "2540"]
[BlackElo "2495"]
[PlyCount "41"]
[EventDate "1996.07.01"]
[Source "www.chesslib.no"]
[SourceDate "2004.05.04"]

1. d4 e6 2. c4 Nf6 3. Nc3 Bb4 4. e3 O-O 5. Nge2 Re8 6. a3 Bf8 7. d5 d6 8. Ng3 c6 9. Be2 exd5 10. cxd5 Nxd5 11. Nxd5 cxd5 12. O-O Nc6 13. Qxd5 Be6 14. Qb5 Re7 15. Bd2 d5 16. Bf3 a6 17. Qa4 Qb6 18. Bc3 d4 19. Bxd4 Nxd4 20. Qxd4 Qxd4 21. exd4 1/2-1/2

[Event "Mind Sports Games - Rapid Team w"]
[Site "Pechino CINA"]
[Date "2008.10.15"]
[Round "3"]
[White "Peng Zhaoqin"]
[Black "Hou Yifan"]
[Result "0-1"]
[WhiteElo "2455"]
[BlackElo "2578"]
[PlyCount "102"]
[EventDate "2008.10.14"]
[Source "www.chesslib.no"]
[SourceDate "2004.05.04"]

1. d4 e6 2. c4 Nf6 3. Nc3 Bb4 4. e3 O-O 5. Nge2 d5 6. a3 Be7 7. Nf4 Re8 8. cxd5 exd5 9. Bd3 a5 10. O-O Na6 11. Bd2 c6 12. Nh5 Nxh5 13. Qxh5 g6 14. Qd1 Nc7 15. Qc2 Ne6 16. Ne2 Ng7 17. f3 Be6 18. e4 Rc8 19. b4 axb4 20. axb4 b6 21. Kh1 Qd7 22. Rfb1 Ra8 23. Bc3 Rec8 24. Qb2 f5 25. b5 cxb5 26. Bxb5 Qc7 27. e5 Bf7 28. Rxa8 Rxa8 29. Rc1 Ba3 30. Qa2 Qd8 31. Bc6 Bxc1 32. Qxa8 Qxa8 33. Bxa8 Bg5 34. Bb4 Ne8 35. Bc6 Ng7 36. f4 Bd8 37. Kg1 g5 38. fxg5 Bxg5 39. Kf2 Nh5 40. g3 Ng7 41. h4 Bh6 42. Be7 Bd2 43. Bd8 Ba5 44. Ke3 Ne6 45. Be7 Ng7 46. Nf4 Be1 47. Nxd5 Bxg3 48. Nxb6 f4+ 49. Ke2 Nf5 50. d5 Nxe7 51. Bb5 Nxd5 0-1

[Event "Skopje Solidarnost 5th"]
[Site "Skopje MKD"]
[Date "1971.11.27"]
[Round "12"]
[White "Bilek, Istvan"]
[Black "Planinec, Albin"]
[Result "1-0"]
[WhiteElo "2490"]
[BlackElo "2510"]
[PlyCount "79"]
[EventDate "1971.11.??"]
[Source "www.chesslib.no"]
[SourceDate "2004.05.04"]

1. c4 Nf6 2. Nc3 e6 3. d4 Bb4 4. e3 O-O 5. Nge2 d5 6. a3 Be7 7. cxd5 exd5 8. g3 Nbd7 9. Bg2 Nb6 10. O-O Re8 11. b3 a5 12. Bd2 Bf5 13. a4 c6 14. f3 Bb4 15. Re1 h5 16. Nf4 Qd7 17. Bf1 Bd6 18. h4 Re7 19. Nce2 Qc7 20. Nc1 Nbd7 21. Ncd3 Rae8 22. Qc1 Nf8 23. Qc3 Qd7 24. Kf2 b6 25. Rac1 Rc8 26. Qb2 Qe8 27. b4 N8d7 28. Qb3 axb4 29. Nxb4 Nb8 30. Nbd3 Qd8 31. Bb4 c5 32. dxc5 bxc5 33. Bxc5 Bxc5 34. Rxc5 Rxc5 35. Nxc5 Nc6 36. Rd1 Qd6 37. Qb6 Bd7 38. Bb5 Be8 39. e4 d4 40. Nfd3 1-0

[Event "Festival - Open A"]
[Site "Trieste ITA"]
[Date "2008.09.01"]
[Round "3"]
[White "Simutowe, Amon"]
[Black "Bosiocic, Marin"]
[Result "0-1"]
[WhiteElo "2459"]
[BlackElo "2540"]
[PlyCount "80"]
[EventDate "2008.??.??"]
[Source "www.chesslib.no"]
[SourceDate "2004.05.04"]

1. d4 e6 2. c4 Nf6 3. Nc3 Bb4 4. e3 O-O 5. Nge2 Re8 6. a3 Bf8 7. g3 d5 8. cxd5 exd5 9. Bg2 a5 10. O-O c6 11. f3 c5 12. Kh1 Nc6 13. dxc5 Bxc5 14. Nd4 h6 15. b3 Bd7 16. f4 Bxd4 17. exd4 Bf5 18. Na4 Qd6 19. Nc5 Re7 20. Bb2 Rae8 21. Bf3 h5 22. Nd3 Ng4 23. Qd2 Be4 24. Ne5 Bxf3+ 25. Rxf3 f6 26. Nxg4 hxg4 27. Rf2 Re3 28. Bc3 Qe6 29. Kg1 Qe4 30. Rd1 b6 31. b4 a4 32. b5 Ne7 33. Qb2 Nf5 34. Rg2 Rc8 35. Bb4 Rc4 36. Bd2 Rc2 37. Qb4 Nxd4 38. Qd6 Nf3+ 39. Kh1 Rxd2 40. Qd8+ Kh7 0-1

[Event "Bad Zwesten op 6th"]
[Site "Bad Zwesten"]
[Date "2002.01.10"]
[Round "9"]
[White "Shirazi, Kamran G"]
[Black "Naiditsch, Arkadij"]
[Result "0-1"]
[WhiteElo "2455"]
[BlackElo "2532"]
[PlyCount "80"]
[EventDate "2002.01.04"]
[Source "ChessBase"]
[SourceDate "2002.03.14"]

1. c4 Nf6 2. Nc3 e6 3. d4 Bb4 4. e3 O-O 5. Nge2 d5 6. a3 Bd6 7. cxd5 exd5 8. Ng3 c5 9. Nb5 Be7 10. dxc5 Bxc5 11. b4 Bb6 12. Bb2 Nc6 13. Be2 Re8 14. O-O Ne5 15. Rc1 a6 16. Nd4 Bg4 17. Ndf5 Bxf5 18. Nxf5 Qd7 19. Bd3 Rad8 20. Bc2 Ne4 21. g4 Qe6 22. Qe2 Nf6 23. h3 Nc4 24. Ba1 Bc7 25. Bd4 Be5 26. Bd3 b5 27. Bxc4 dxc4 28. Qf3 g6 29. Bxe5 Qxe5 30. Nd4 Rd6 31. Rfd1 Ne4 32. Qg2 Red8 33. a4 Qe7 34. axb5 axb5 35. Qf3 Rf6 36. Qh1 Nxf2 37. Nc6 Rxd1+ 38. Rxd1 Qxe3 39. Ne7+ Qxe7 40. Qa8+ Kg7 0-1

[Event "Trelew Clarin-GP"]
[Site "Trelew ARG"]
[Date "1995.??.??"]
[Round "7"]
[White "Slipak, Sergio"]
[Black "Zarnicki, Pablo A"]
[Result "1-0"]
[WhiteElo "2450"]
[BlackElo "2520"]
[PlyCount "57"]
[EventDate "1995.??.??"]
[Source "www.chesslib.no"]
[SourceDate "2004.05.04"]

1. d4 Nf6 2. c4 e6 3. Nc3 Bb4 4. Bd2 O-O 5. e3 d5 6. Nf3 c5 7. a3 cxd4 8. exd4 Bxc3 9. Bxc3 dxc4 10. Bxc4 b6 11. Qe2 Bb7 12. O-O Nc6 13. Rfe1 Nd5 14. Bd2 Qd6 15. Qe4 Nf6 16. Qh4 Ne7 17. Bb4 Qc7 18. Ne5 Nf5 19. Qh3 Rfd8 20. Rac1 Nxd4 21. Bxe6 Ne2+ 22. Rxe2 Qxc1+ 23. Re1 Qxe1+ 24. Bxe1 Rd1 25. Bxf7+ Kf8 26. Qc3 Rc8 27. Qb4+ Rc5 28. Bb3 Rd6 29. Qf4 1-0

[Event "57th Greek Men Championship"]
[Site "Igoumenitsa"]
[Date "2007.12.07"]
[Round "7.3"]
[White "Banikas, Hristos"]
[Black "Georgiadis, Ioannis"]
[Result "1-0"]
[WhiteElo "2591"]
[BlackElo "2377"]
[PlyCount "67"]
[EventDate "2007.??.??"]
[Source "www.chesslib.no"]
[SourceDate "2004.05.04"]

1. c4 e6 2. d4 Nf6 3. Nc3 Bb4 4. e3 O-O 5. Nge2 d5 6. a3 Be7 7. Nf4 c6 8. Bd3 Nbd7 9. cxd5 exd5 10. g4 Nb6 11. h3 Bd6 12. Qf3 Qe7 13. O-O Re8 14. Qg2 Ne4 15. Nce2 c5 16. dxc5 Nxc5 17. Bc2 Bd7 18. b4 Ne6 19. Bd3 Be5 20. Rb1 Nxf4 21. exf4 Bd6 22. f5 Rac8 23. g5 Qd8 24. b5 Rxe2 25. Bxe2 Bxf5 26. Ra1 Be5 27. Ra2 Bb1 28. Rd2 Bc3 29. Bg4 Rc4 30. Re1 Bg6 31. Rxd5 Nxd5 32. Qxd5 Rxg4+ 33. hxg4 Qc8 34. Qc4 1-0

[Event "III President's Cup"]
[Site "Baku AZE"]
[Date "2008.05.16"]
[Round "5"]
[White "Aleksandrov, A."]
[Black "Durarbeyli, V."]
[Result "1-0"]
[WhiteElo "2582"]
[BlackElo "2384"]
[PlyCount "92"]
[EventDate "2008.05.12"]
[Source "www.chesslib.no"]
[SourceDate "2004.05.04"]

1. d4 e6 2. c4 Nf6 3. Nc3 Bb4 4. e3 O-O 5. Nge2 d5 6. cxd5 exd5 7. g3 c6 8. Bg2 Re8 9. O-O Bf5 10. Qb3 Qe7 11. Bd2 a5 12. a3 Bd6 13. f3 Na6 14. Rae1 Qd7 15. Na4 b6 16. g4 Bg6 17. Nf4 Reb8 18. Nc3 b5 19. Nxg6 hxg6 20. Qd1 b4 21. axb4 Nxb4 22. Bc1 c5 23. dxc5 Bxc5 24. Kh1 Rd8 25. g5 Ne8 26. f4 Rac8 27. Qf3 Nc7 28. Rd1 Qe7 29. h4 Re8 30. e4 dxe4 31. Nxe4 Ne6 32. Qh3 Rcd8 33. h5 Rxd1 34. Rxd1 Rd8 35. Rf1 Nd3 36. hxg6 fxg6 37. f5 gxf5 38. g6 Nf8 39. Bg5 Qd7 40. Nxc5 Nxc5 41. Bxd8 Qxd8 42. Qxf5 Qh4+ 43. Kg1 Qd4+ 44. Qf2 Qxf2+ 45. Rxf2 Nxg6 46. Bd5+ Kh8 1-0

[Event "Nordic-ch VISA"]
[Site "Reykjavik"]
[Date "1997.10.14"]
[Round "6"]
[White "Hillarp Persson, Tiger"]
[Black "Akesson, Ralf"]
[Result "0-1"]
[WhiteElo "2445"]
[BlackElo "2520"]
[PlyCount "72"]
[EventDate "1997.10.08"]
[Source "ChessBase"]
[SourceDate "1998.01.31"]

1. d4 e6 2. c4 Nf6 3. Nc3 Bb4 4. e3 O-O 5. Nge2 d5 6. a3 Be7 7. cxd5 exd5 8. g3 a5 9. Bg2 Re8 10. O-O c6 11. Kh1 Nbd7 12. f3 c5 13. g4 h6 14. Nf4 Nb6 15. a4 Bd7 16. b3 Rc8 17. Bd2 Bd6 18. Nce2 c4 19. Ng3 cxb3 20. Qxb3 Nc4 21. Bc1 Bb4 22. Ra2 Nxe3 23. Bxe3 Rc3 24. Qxc3 Bxc3 25. Bf2 Qb6 26. Nge2 Bb4 27. h4 Qa6 28. Ng3 Bd6 29. Nfe2 Qc4 30. Rb2 Bxa4 31. g5 hxg5 32. hxg5 Nh5 33. Nxh5 Rxe2 34. Rxb7 Rxf2 35. Rxf2 Qc1+ 36. Bf1 Qxg5 0-1

[Event "Open"]
[Site "Gausdal op"]
[Date "1984.??.??"]
[Round "?"]
[White "Karlsson, Lars C-G"]
[Black "Wiedenkeller, Michael"]
[Result "1-0"]
[WhiteElo "2500"]
[BlackElo "2460"]
[PlyCount "65"]
[EventDate "1984.??.??"]
[Source "www.chesslib.no"]
[SourceDate "2004.05.04"]

1. c4 Nf6 2. Nc3 e6 3. d4 Bb4 4. e3 O-O 5. Nge2 d5 6. a3 Be7 7. Nf4 c6 8. Bd3 Nbd7 9. cxd5 Nxd5 10. e4 Nxc3 11. bxc3 e5 12. Ne2 c5 13. d5 f5 14. d6 Bh4 15. exf5 Nb6 16. g3 Bg5 17. Bxg5 Qxg5 18. O-O Bxf5 19. f4 Qg6 20. fxe5 Bxd3 21. Nf4 Rxf4 22. Rxf4 c4 23. Qf3 Rb8 24. Re1 Qe6 25. Rd4 Bf5 26. Rf4 Bg6 27. h4 Nd7 28. h5 Bd3 29. h6 Nxe5 30. Qe3 Re8 31. Qxe5 Qxe5 32. Rxe5 Rxe5 33. d7 1-0

[Event "URS-FL49"]
[Site "Volgodonsk"]
[Date "1981.??.??"]
[Round "8"]
[White "Gurgenidze, Bukhuti"]
[Black "Vladimirov, Evgeny"]
[Result "1-0"]
[WhiteElo "2490"]
[BlackElo "2460"]
[PlyCount "71"]
[EventDate "1981.10.??"]
[Source "ChessBase"]

1. d4 Nf6 2. c4 e6 3. Nc3 Bb4 4. Bd2 O-O 5. e3 d5 6. Nf3 a6 7. a3 Be7 8. b4 Nc6 9. Qc2 dxc4 10. Bxc4 Bd6 11. O-O b5 12. Bd3 Bb7 13. Ne4 e5 14. Nxf6+ Qxf6 15. Bxh7+ Kh8 16. Be4 exd4 17. Rac1 d3 18. Qb1 Rad8 19. Bxc6 Bxc6 20. Rxc6 Bxh2+ 21. Nxh2 Qxc6 22. Rc1 Qg6 23. Rc5 Rfe8 24. Qd1 Re4 25. Rh5+ Kg8 26. Qf3 f6 27. Qh3 Kf7 28. Nf1 Qg4 29. Qxg4 Rxg4 30. f4 Rd6 31. Rc5 c6 32. Kf2 Rh4 33. Ng3 g6 34. Kf3 Rh8 35. Ne4 Re6 36. Rc1 1-0

[Event "Varna"]
[Site "Varna"]
[Date "1982.??.??"]
[Round "4"]
[White "Knezevic, Milorad"]
[Black "Savon, Vladimir A"]
[Result "1/2-1/2"]
[WhiteElo "2465"]
[BlackElo "2485"]
[PlyCount "27"]
[EventDate "1982.05.??"]
[Source "ChessBase"]

1. d4 Nf6 2. c4 e6 3. Nc3 Bb4 4. Bd2 O-O 5. e3 d5 6. Nf3 c5 7. dxc5 Bxc5 8. cxd5 exd5 9. Be2 Nc6 10. O-O d4 11. exd4 Nxd4 12. Nxd4 Qxd4 13. Bg5 Qxd1 14. Raxd1 1/2-1/2

[Event "HUN-ch"]
[Site "Budapest"]
[Date "1995.??.??"]
[Round "1"]
[White "Gyimesi, Zoltan"]
[Black "Farago, Ivan"]
[Result "1-0"]
[WhiteElo "2430"]
[BlackElo "2515"]
[PlyCount "87"]
[EventDate "1995.01.??"]
[Source "ChessBase"]

1. d4 e6 2. c4 Nf6 3. Nc3 Bb4 4. e3 O-O 5. Nge2 d5 6. a3 Be7 7. cxd5 exd5 8. g3 c6 9. Bg2 a5 10. O-O h6 11. f3 c5 12. Nf4 cxd4 13. exd4 Nc6 14. Be3 Re8 15. Re1 Bd6 16. Nfxd5 Nxd5 17. Nxd5 Bxg3 18. hxg3 Qxd5 19. f4 Qd6 20. d5 Ne7 21. Rc1 b6 22. Qb3 Nf5 23. Rc6 Qd7 24. d6 Nd4 25. Qc3 Nxc6 26. Bxc6 Qg4 27. Bxa8 Qxg3+ 28. Bg2 Bb7 29. Qd2 Bxg2 30. Bf2 Rxe1+ 31. Bxe1 Qg6 32. Qxg2 Qxd6 33. Qa8+ Kh7 34. Qe4+ Kg8 35. a4 b5 36. Qe8+ Kh7 37. Qxf7 bxa4 38. Bc3 Qg6+ 39. Qxg6+ Kxg6 40. Kf2 a3 41. bxa3 Kf5 42. Ke3 g5 43. Bxa5 gxf4+ 44. Kd4 1-0